| 000 | 00631nam a2200217 a 4500 | ||
|---|---|---|---|
| 001 | 10124 | ||
| 003 | CO-ViMGA | ||
| 008 | 141112s2004 ck r 000 u spa d | ||
| 020 | _a843298034 | ||
| 040 |
_aCO-ViMGA _bspa _cCO-ViMGA |
||
| 082 | 0 | 4 | _a621.3815 R173 |
| 100 | 1 |
_aRamirez ; Jose, _912928 |
|
| 245 | 1 | 0 | _aSimbología Lógica de los Circuitos Integrados |
| 260 |
_aBarcelona : _bEdiciones Ceac, _c1987 |
||
| 300 | _a205p. | ||
| 650 | 1 | 4 |
_aESQUEMAS LOGICOS _912929 |
| 650 | 1 | 4 |
_aOPERADORES DE RETARDO _912930 |
| 650 | 1 | 4 |
_aOPERADORES SECUENCIALES _912931 |
| 650 | 1 | 4 |
_aSIMBOLOGIA DEL ALGEBRA LOGICA _912932 |
| 942 |
_2ddc _cBK |
||
| 999 |
_c21497 _d21497 |
||